000 00500nam a2200205Ia 4500
003 GCL
008 140319s9999 xx 000 0 eng d
040 _aGCL /
_cGCL
082 0 4 _a843
_bV P
100 1 _aVINCENOT, HENRI
245 1 0 _aLA PIE SAOULE /
_cVINCENOT, HENRI
260 _a[S.N] :
_bDENOEL ،
_c1956
300 _a187 P
490 _aCOLLECTION FOLIO
_v0
650 0 4 _aLITERATURE
650 0 4 _aFICTION
650 0 4 _aFRENCH FICTION
650 0 4 _aFRENCH LITERATURE
942 _2ddc
_cBK
999 _c25180
_d25180